Normal view
MARC view
- Gartenhaus, Solomon,
Entry Personal Name
001 - CONTROL NUMBER
- control field: 103769
003 - CONTROL NUMBER IDENTIFIER
- control field: NUST
005 - DATE AND TIME OF LATEST TRANSACTION
- control field: 20221129130451.0
008 - FIXED-LENGTH DATA ELEMENTS
- fixed length control field: 221129|| aca||aabn | a|a d
040 ## - CATALOGING SOURCE
- Original cataloging agency: NUST
- Transcribing agency: NUST
100 ## - HEADING--PERSONAL NAME
- Personal name: Gartenhaus, Solomon,
- Dates associated with a name: 1929-
670 ## - SOURCE DATA FOUND
- Source citation: Work cat.: (NUST)0: Gartenhaus, Solomon, 1929-, Physics :, [1975-
